[Event "English Open 2025"]
[Site "Kenilworth ENG"]
[Date "2025.07.20"]
[Round "6.39"]
[White "Lapidus, Alexey M."]
[Black "Ellson, Louie"]
[Result "1-0"]
[WhiteElo "1867"]
[BlackElo "1854"]
[WhiteFideId "24276111"]
[BlackFideId "343442056"]
[EventDate "2025.07.18"]

1. e4 c6 2. d4 d5 3. e5 c5 4. c3 Nc6 5. Be2 a6 6. Nf3 Bg4 7. Nbd2 e6 8. O-O Nge7
9. h3 Bxf3 10. Nxf3 cxd4 11. cxd4 Nf5 12. b3 Be7 13. Bb2 b5 14. Ne1 Qb6 15. Nc2
O-O 16. Bd3 Nh4 17. Qg4 Kh8 18. g3 Ng6 19. h4 Bb4 20. a3 Bd2 21. f4 b4 22. Bxg6
hxg6 23. h5 gxh5 24. Qxh5+ Kg8 25. Rf2 Bc3 26. Rh2 f5 27. exf6 Rxf6 28. Bxc3 Rh6
29. Qg4 Rxh2 30. Qxe6+ Kh8 31. Kxh2 bxc3 32. Kg2 1-0

[Event "English Open 2025"]
[Site "Kenilworth ENG"]
[Date "2025.07.20"]
[Round "6.40"]
[White "Clark, Robert G"]
[Black "Vaidyanathan, Sathya"]
[Result "1/2-1/2"]
[WhiteElo "2037"]
[BlackElo "1878"]
[WhiteFideId "421162"]
[BlackFideId "490539"]
[EventDate "2025.07.18"]

1. e4 e5 2. Nf3 Nc6 3. Bb5 a6 4. Ba4 Nf6 5. O-O d6 6. Re1 Bd7 7. c3 g6 8. d4 Bg7
9. dxe5 Nxe5 10. Nxe5 dxe5 11. Bxd7+ Qxd7 12. Qxd7+ Nxd7 13. Nd2 O-O 14. Nc4
Rad8 15. b3 Rfe8 16. Be3 Nf6 17. f3 Rd3 18. Rac1 b5 19. Nb2 Rxe3 20. Rxe3 Bh6
21. Rce1 Bxe3+ 22. Rxe3 Rd8 23. Rd3 Rd7 24. Kf2 Kf8 25. Ke3 Ke7 26. c4 Rxd3+ 1/2-1/2

[Event "English Open 2025"]
[Site "Kenilworth ENG"]
[Date "2025.07.21"]
[Round "7.1"]
[White "Wadsworth, Matthew J"]
[Black "Adams, Michael"]
[Result "1/2-1/2"]
[WhiteTitle "IM"]
[BlackTitle "GM"]
[WhiteElo "2476"]
[BlackElo "2654"]
[WhiteFideId "415804"]
[BlackFideId "400041"]
[EventDate "2025.07.18"]

1. c4 e5 2. g3 d5 3. cxd5 Qxd5 4. Nf3 Nc6 5. Nc3 Qd8 6. Bg2 Nf6 7. O-O h6 8. a3
a5 9. d4 exd4 10. Nb5 Bc5 11. Bf4 Bb6 12. Ne5 Nxe5 13. Bxe5 O-O 14. Bxd4 c6 15.
Nd6 Bxd4 16. Qxd4 Ne8 17. Rfd1 Nxd6 18. Qxd6 Bg4 19. Qf4 Qg5 20. Qxg5 hxg5 21.
Rd2 Rfd8 22. Rad1 Rxd2 23. Rxd2 Kf8 24. f4 gxf4 25. gxf4 Ra6 26. b4 axb4 27.
axb4 Ke7 28. Kf2 Be6 29. Bf3 Ra4 30. Rb2 Kd6 31. e4 f6 32. b5 Ra2 33. Rxa2 Bxa2
34. e5+ fxe5 35. fxe5+ Kxe5 1/2-1/2

[Event "English Open 2025"]
[Site "Kenilworth ENG"]
[Date "2025.07.21"]
[Round "7.2"]
[White "Vitiugov, Nikita"]
[Black "Ghasi, Ameet K"]
[Result "1-0"]
[WhiteTitle "GM"]
[BlackTitle "GM"]
[WhiteElo "2671"]
[BlackElo "2511"]
[WhiteFideId "4152956"]
[BlackFideId "409200"]
[EventDate "2025.07.18"]

1. d4 Nf6 2. c4 g6 3. Nc3 Bg7 4. e4 d6 5. f3 O-O 6. Be3 c5 7. Nge2 Nc6 8. d5 Na5
9. Ng3 e5 10. Bd3 Bd7 11. O-O h5 12. Bg5 Qe8 13. Qd2 Nh7 14. Bh4 Kh8 15. Kh1 b6
16. Rae1 Rg8 17. Nge2 Qf8 18. f4 Bh6 19. Qc2 f6 20. fxe5 dxe5 21. Ng1 g5 22. Bf2
Qg7 23. Nf3 Nf8 24. Nd1 Nb7 25. Ne3 Ng6 26. Nf5 Qh7 27. Be3 h4 28. Qc3 Rge8 29.
Bc2 Bf8 30. Bxg5 fxg5 31. Nxg5 Qh5 32. Nf7+ Kg8 33. Bd1 Qh7 34. Ng5 Qh8 35. Bg4
Rad8 36. Qf3 Nf4 37. g3 hxg3 38. Qxg3 Bg7 39. Rg1 Bxf5 40. Bxf5 Nd6 41. Ne6 Nxf5
42. exf5 Nxe6 43. fxe6 Qh6 44. Re4 Re7 45. Rh4 Qf6 46. Qh3 1-0

[Event "English Open 2025"]
[Site "Kenilworth ENG"]
[Date "2025.07.21"]
[Round "7.3"]
[White "Maroroa Jones, Gawain C B"]
[Black "Jackson, James P"]
[Result "1-0"]
[WhiteTitle "GM"]
[BlackTitle "IM"]
[WhiteElo "2653"]
[BlackElo "2371"]
[WhiteFideId "409561"]
[BlackFideId "416860"]
[EventDate "2025.07.18"]

1. c4 Nf6 2. Nc3 g6 3. g3 Bg7 4. Bg2 O-O 5. Nf3 d6 6. O-O e5 7. d3 h6 8. b4 Re8
9. e4 a5 10. b5 Nbd7 11. Be3 Ng4 12. Bd2 Nc5 13. h3 Nf6 14. Be3 Nfd7 15. Rb1 Ne6
16. Qd2 Kh7 17. Nd5 Ndc5 18. h4 Nd4 19. b6 cxb6 20. Nxb6 Ra6 21. Nxc8 Qxc8 22.
h5 g5 23. Bxd4 exd4 24. Rb5 Be5 25. Nxe5 dxe5 26. f4 gxf4 27. gxf4 Rf6 28. fxe5
Rxf1+ 29. Kxf1 Rxe5 30. Qf2 Qd7 31. Qf3 Qe7 32. Bh3 Rg5 33. Rxa5 Kg7 34. Rb5 Qe5
35. Rb2 Rxh5 36. Rf2 f6 37. Rg2+ Rg5 38. Bf5 Kf8 39. Ke2 Ke7 40. Qf2 Kd6 41.
Rxg5 hxg5 42. a3 Kc7 43. Qg1 Kb8 44. Qf2 Nb3 45. Kd1 Qa5 46. Qb2 Qa4 47. Ke2 Ka7
48. Bg4 b6 49. Kf2 Nc5 50. Qxd4 Qxa3 51. Be2 Qc1 52. Qxf6 Qd2 53. Qf3 Qc3 54.
Qf7+ Ka6 55. Qd5 Qf6+ 56. Kg2 Ka7 57. e5 Qg6 58. Bf3 Kb8 59. Qd8+ 1-0

[Event "English Open 2025"]
[Site "Kenilworth ENG"]
[Date "2025.07.21"]
[Round "7.4"]
[White "Royal, Shreyas"]
[Black "Emms, John M"]
[Result "1-0"]
[WhiteTitle "GM"]
[BlackTitle "GM"]
[WhiteElo "2484"]
[BlackElo "2417"]
[WhiteFideId "448869"]
[BlackFideId "400254"]
[EventDate "2025.07.18"]

1. c4 c6 2. Nf3 d5 3. d4 Nf6 4. e3 Bg4 5. h3 Bxf3 6. Qxf3 e6 7. Bd3 Bb4+ 8. Nc3
O-O 9. O-O Nbd7 10. Bd2 Re8 11. a3 Bxc3 12. Bxc3 e5 13. Qg3 e4 14. Be2 dxc4 15.
Bxc4 Nb6 16. Be2 Nbd5 17. Bd2 Qe7 18. b4 a6 19. Rfc1 Rac8 20. Bd1 g6 21. Bb3 Kg7
22. Rab1 Nh5 23. Qg4 f5 24. Qe2 Nhf6 25. a4 Qd6 26. b5 axb5 27. axb5 f4 28. bxc6
bxc6 29. Ba4 fxe3 30. fxe3 Rf8 31. Rb7+ Kh8 32. Qe1 c5 33. Rcb1 cxd4 34. exd4
Ra8 35. Bh6 Rg8 36. Bb3 e3 37. Qh4 Rae8 38. Bxd5 Nxd5 39. Rxh7+ 1-0

[Event "English Open 2025"]
[Site "Kenilworth ENG"]
[Date "2025.07.21"]
[Round "7.5"]
[White "Hebden, Mark L"]
[Black "Roberson, Peter T"]
[Result "0-1"]
[WhiteTitle "GM"]
[BlackTitle "IM"]
[WhiteElo "2355"]
[BlackElo "2433"]
[WhiteFideId "400084"]
[BlackFideId "412384"]
[EventDate "2025.07.18"]

1. d4 Nf6 2. c4 e6 3. Nc3 Bb4 4. e3 O-O 5. Bd3 c5 6. Nf3 b6 7. O-O Bb7 8. Bd2
cxd4 9. exd4 d5 10. cxd5 Nxd5 11. Re1 Nd7 12. Rc1 Rc8 13. Qa4 a5 14. Bb5 N7f6
15. Ne5 Nxc3 16. bxc3 Qd5 17. f3 Be7 18. Bg5 Qd6 19. Bd2 Rfd8 20. Rb1 Nd5 21.
Qb3 h6 22. c4 Nc7 23. Be3 Bf6 24. Bf2 Rb8 25. Ba4 Ba8 26. c5 Qe7 27. cxb6 Nd5
28. Nc4 Bh4 29. g3 Bf6 30. a3 Rdc8 31. Qd3 Qd8 32. Bc2 g6 33. Ne5 Rc3 34. Nxf7
Kxf7 35. Qxg6+ Kf8 36. Qxh6+ Bg7 37. Qxe6 Rxf3 38. b7 Rxb7 39. Rxb7 Bxb7 40. Be4
Rf6 41. Qh3 Bc8 42. Qh4 Be6 43. Bg2 Qd6 44. Qe4 Qxa3 45. Qc2 Qd6 46. Qa4 Nc7 47.
Be3 Qb4 48. Ra1 Rf5 49. Qc6 Bxd4 50. Qc1 Bxe3+ 51. Qxe3 Qc5 52. Qxc5+ Rxc5 53.
Be4 Bb3 54. Kf2 a4 55. Ke3 Nb5 56. Bd3 Kg7 57. h4 Rc3 58. Kd2 Bc4 59. Bf5 a3 60.
g4 Rg3 61. Bc2 Rg2+ 0-1

[Event "English Open 2025"]
[Site "Kenilworth ENG"]
[Date "2025.07.21"]
[Round "7.6"]
[White "Badacsonyi, Stanley"]
[Black "Willow, Jonah B"]
[Result "0-1"]
[WhiteTitle "FM"]
[BlackTitle "IM"]
[WhiteElo "2318"]
[BlackElo "2457"]
[WhiteFideId "486973"]
[BlackFideId "438804"]
[EventDate "2025.07.18"]

1. d4 Nf6 2. c4 g6 3. Nc3 Bg7 4. e4 d6 5. Be2 O-O 6. Be3 a5 7. h4 h5 8. f3 Nc6
9. d5 Ne5 10. Qd2 c6 11. Nh3 a4 12. Rc1 Qa5 13. Nf2 Bd7 14. a3 Rfc8 15. O-O Be8
16. Rfd1 Ned7 17. Nd3 Nb6 18. Nb1 Qxd2 19. Nxd2 Nfd7 20. Kf1 Rc7 21. Rb1 f5 22.
Nf4 fxe4 23. Nxe4 cxd5 24. cxd5 Nc4 25. Bd4 Bxd4 26. Rxd4 Ne3+ 27. Kf2 Nf5 28.
Rd2 Ng7 29. Bb5 Ne5 30. Bxe8 Rxe8 31. Re1 Rec8 32. Nc3 Rc4 33. g3 Nf5 34. Nfe2
Rf8 35. f4 Ng4+ 36. Kf3 Rfc8 37. Rd3 Rf8 38. Rd2 Rb8 39. Nb5 Rbc8 40. Ned4 Nxd4+
41. Nxd4 Kf7 42. Ne6 Rc2 43. Ng5+ Ke8 44. Rde2 Rxe2 45. Rxe2 Kd7 46. Re4 b5 47.
Re2 Nf6 48. Rd2 Rc4 49. Ne6 b4 50. axb4 Rxb4 51. Rc2 Rb3+ 52. Kf2 Nxd5 53. Nf8+
Ke8 54. Nxg6 Kf7 55. f5 Ne3 56. Rc7 Nxf5 57. Nf4 Rxb2+ 58. Kf3 Rb3+ 59. Kf2 Nxg3
60. Nd5 Nf5 61. Ra7 a3 62. Nf4 Rb2+ 63. Kf3 Nxh4+ 64. Ke4 Rb4+ 65. Ke3 Nf5+ 66.
Kf3 Rb3+ 67. Ke4 Re3+ 68. Kd5 h4 0-1

[Event "English Open 2025"]
[Site "Kenilworth ENG"]
[Date "2025.07.21"]
[Round "7.7"]
[White "Clarke, Brandon G I"]
[Black "Murawski, Jan"]
[Result "1-0"]
[WhiteTitle "IM"]
[BlackTitle "CM"]
[WhiteElo "2500"]
[BlackElo "2191"]
[WhiteFideId "400319"]
[BlackFideId "21009287"]
[EventDate "2025.07.18"]

1. Nf3 d5 2. g3 Nf6 3. Bg2 e6 4. O-O c5 5. d3 Be7 6. Nbd2 O-O 7. e4 Nc6 8. Re1
b5 9. e5 Nd7 10. Nf1 Bb7 11. h4 Qc7 12. Bf4 Rfc8 13. h5 h6 14. c3 Nf8 15. N1h2
Nh7 16. Ng4 Bf8 17. Qd2 Qd8 18. Rad1 a5 19. Kh2 Kh8 20. Rg1 Ne7 21. Bh1 d4 22.
c4 bxc4 23. dxc4 Rab8 24. Qc2 Nf5 25. Bg2 Qb6 26. Bc1 Be7 27. Rd3 Bxf3 28. Rxf3
Qc7 29. Rxf5 exf5 30. Qxf5 Rf8 31. Be4 g6 32. hxg6 fxg6 33. Qxg6 Bg5 34. f4 Bd8
35. Qxh6 1-0

[Event "English Open 2025"]
[Site "Kenilworth ENG"]
[Date "2025.07.21"]
[Round "7.8"]
[White "Badacsonyi, Frankie"]
[Black "Harvey, Marcus R"]
[Result "1/2-1/2"]
[WhiteTitle "FM"]
[BlackTitle "IM"]
[WhiteElo "2170"]
[BlackElo "2445"]
[WhiteFideId "460400"]
[BlackFideId "400092"]
[EventDate "2025.07.18"]

1. d4 e6 2. c4 Bb4+ 3. Bd2 a5 4. Nf3 d6 5. g3 f5 6. Bg2 Nf6 7. O-O Bxd2 8. Nbxd2
Nc6 9. Re1 d5 10. Qc2 O-O 11. Nb3 Ne4 12. cxd5 exd5 13. Nc5 Nb4 14. Qd1 Nxc5 15.
dxc5 c6 16. e3 Qe7 17. a3 Na6 18. b4 Bd7 19. Qd4 Rfe8 20. Rec1 Nc7 21. Qb2 Ra7
22. Nd4 Qf6 23. Bf1 Rea8 24. Qc3 g5 25. b5 cxb5 26. Bxb5 Bxb5 27. Nxb5 Qxc3 1/2-1/2

[Event "English Open 2025"]
[Site "Kenilworth ENG"]
[Date "2025.07.21"]
[Round "7.9"]
[White "Merry, Alan B"]
[Black "Merriman, James"]
[Result "1-0"]
[WhiteTitle "IM"]
[WhiteElo "2400"]
[BlackElo "2048"]
[WhiteFideId "418811"]
[BlackFideId "452270"]
[EventDate "2025.07.18"]

1. d4 Nf6 2. c4 e6 3. g3 c5 4. d5 exd5 5. cxd5 d6 6. Nc3 g6 7. Bg2 Bg7 8. Nf3
O-O 9. O-O Re8 10. Bf4 Bf5 11. Nh4 Bg4 12. Qd2 b5 13. Rfe1 a6 14. e4 b4 15. Nd1
Bxd1 16. Raxd1 Nh5 17. Bg5 Bf6 18. Bxf6 Qxf6 19. f4 Nd7 20. Nf3 Ng7 21. b3 a5
22. Bh3 Ra7 23. Qf2 Qd8 24. e5 Nb6 25. e6 a4 26. Ng5 f6 27. Nf7 Qe7 28. f5 axb3
29. axb3 g5 30. Nxg5 fxg5 31. f6 Qf8 32. f7+ Rxf7 33. exf7+ Qxf7 34. Rxe8+ Qxe8
35. Qf6 Nd7 36. Be6+ Kh8 37. Bxd7 Qe3+ 38. Qf2 1-0

[Event "English Open 2025"]
[Site "Kenilworth ENG"]
[Date "2025.07.21"]
[Round "7.10"]
[White "Saunders, Aron"]
[Black "Shearsby, Jude"]
[Result "1/2-1/2"]
[BlackTitle "CM"]
[WhiteElo "2135"]
[BlackElo "2224"]
[WhiteFideId "469343"]
[BlackFideId "462527"]
[EventDate "2025.07.18"]

1. e4 c5 2. Nf3 e6 3. c3 Nf6 4. e5 Nd5 5. d4 cxd4 6. cxd4 b6 7. Bc4 Ba6 8. Bxa6
Nxa6 9. O-O Nac7 10. Nbd2 d6 11. Ne4 dxe5 12. dxe5 Be7 13. Bg5 O-O 14. Rc1 h6
15. Bxe7 Qxe7 16. Qa4 Rfd8 17. Nd6 Ne8 18. Ne4 Rac8 19. Rfd1 Qb4 20. Qxb4 Nxb4
21. Nc3 Nd3 22. Rb1 a6 23. Kf1 b5 24. a3 Kf8 25. Ke2 Nf4+ 26. Kf1 Nd3 27. Ke2
Nf4+ 28. Kf1 Ke7 29. Rxd8 Rxd8 30. Rd1 Nd3 31. b4 f6 32. g3 Nxe5 33. Rxd8 Kxd8
34. Nxe5 fxe5 35. Ne4 Nc7 36. Nc5 Ke7 37. Ke2 Kd6 38. Kd3 Kd5 39. f3 a5 40. Ne4
axb4 41. axb4 Kc6 42. Nc3 Nd5 43. Na2 g5 44. Ke4 Kd6 45. h3 h5 46. h4 Nf6+ 47.
Kd3 g4 48. fxg4 hxg4 49. Nc3 Nh5 50. Ne4+ Kd5 51. Nc3+ Kd6 52. Ne4+ Kd5 53. Nc3+ 1/2-1/2

[Event "English Open 2025"]
[Site "Kenilworth ENG"]
[Date "2025.07.21"]
[Round "7.11"]
[White "Bates, Richard A"]
[Black "Villiers, Thomas"]
[Result "1/2-1/2"]
[WhiteTitle "IM"]
[BlackTitle "CM"]
[WhiteElo "2292"]
[BlackElo "2158"]
[WhiteFideId "403555"]
[BlackFideId "427209"]
[EventDate "2025.07.18"]

1. d4 Nf6 2. Nf3 e6 3. c4 b6 4. g3 Ba6 5. b3 Bb4+ 6. Bd2 Be7 7. Bg2 O-O 8. O-O
d5 9. Ne5 c6 10. Bc3 Bb7 11. Nd2 Nbd7 12. Bb2 Rc8 13. Nd3 c5 14. cxd5 Bxd5 15.
e4 Bb7 16. e5 Nd5 17. Ne4 cxd4 18. Bxd4 Qc7 19. Rc1 Qb8 20. Qd2 Ba6 21. f4 Rxc1
22. Rxc1 Rc8 1/2-1/2

[Event "English Open 2025"]
[Site "Kenilworth ENG"]
[Date "2025.07.21"]
[Round "7.12"]
[White "Vaidyanathan, Adithya"]
[Black "Jones, Steven A"]
[Result "1/2-1/2"]
[WhiteElo "2094"]
[BlackElo "2184"]
[WhiteFideId "495450"]
[BlackFideId "419630"]
[EventDate "2025.07.18"]

1. d4 Nf6 2. c4 g6 3. Nc3 d5 4. cxd5 Nxd5 5. e4 Nxc3 6. bxc3 c5 7. Bc4 Bg7 8.
Ne2 Nc6 9. Be3 O-O 10. O-O Bg4 11. f3 Bd7 12. Rc1 Rc8 13. Qd2 Qa5 14. Qb2 b5 15.
Qxb5 Qxb5 1/2-1/2

[Event "English Open 2025"]
[Site "Kenilworth ENG"]
[Date "2025.07.21"]
[Round "7.13"]
[White "Carroll, Thomas"]
[Black "Cont, Arya"]
[Result "1-0"]
[WhiteElo "2124"]
[BlackElo "2090"]
[WhiteFideId "450111"]
[BlackFideId "26100363"]
[EventDate "2025.07.18"]

1. d4 Nf6 2. Nf3 g6 3. e3 Bg7 4. Be2 O-O 5. O-O d5 6. Nbd2 c5 7. c3 Qc7 8. Re1
Nc6 9. a3 e5 10. dxc5 a5 11. e4 dxe4 12. Ng5 e3 13. fxe3 Qe7 14. Nde4 Nxe4 15.
Nxe4 f5 16. Bc4+ Kh8 17. Nd6 e4 18. Qd5 Ne5 19. Ba2 Qh4 20. Rd1 Ng4 21. Qg8+ 1-0

[Event "English Open 2025"]
[Site "Kenilworth ENG"]
[Date "2025.07.21"]
[Round "7.14"]
[White "Pereslavtsev, Alexandr"]
[Black "Khoury, Theo"]
[Result "1/2-1/2"]
[BlackTitle "CM"]
[WhiteElo "2040"]
[BlackElo "2229"]
[WhiteFideId "343401449"]
[BlackFideId "480703"]
[EventDate "2025.07.18"]

1. d4 d5 2. c4 e6 3. Nc3 Nf6 4. cxd5 exd5 5. Bg5 c6 6. e3 h6 7. Bh4 Be7 8. Bd3
O-O 9. f3 Re8 10. Nge2 a5 11. a4 Na6 12. O-O Nb4 13. Bf2 c5 14. b3 Bd7 15. Rc1
Rc8 16. Re1 Qb6 17. Bb1 cxd4 18. Nxd4 Bc5 19. Qd2 Nc6 20. Ndb5 Rcd8 21. e4 Bxf2+
22. Qxf2 Qxf2+ 23. Kxf2 dxe4 24. Nxe4 Nxe4+ 25. Rxe4 Rxe4 26. Bxe4 Be6 27. Bxc6
bxc6 28. Rxc6 Bxb3 29. Ra6 Bxa4 30. Rxa5 Bxb5 31. Rxb5 1/2-1/2

[Event "English Open 2025"]
[Site "Kenilworth ENG"]
[Date "2025.07.21"]
[Round "7.15"]
[White "Richardson, John R"]
[Black "Savidge, Daniel"]
[Result "1-0"]
[WhiteTitle "FM"]
[WhiteElo "2270"]
[BlackElo "2141"]
[WhiteFideId "401617"]
[BlackFideId "450332"]
[EventDate "2025.07.18"]

1. e4 c5 2. Nf3 Nc6 3. Bb5 Nf6 4. e5 Nd5 5. Nc3 Nc7 6. Bxc6 dxc6 7. d3 Bg4 8. h3
Bh5 9. Ne4 Ne6 10. Be3 f5 11. Nxc5 Nxc5 12. Bxc5 Qd5 13. d4 O-O-O 14. c3 g5 15.
Bxa7 Kc7 16. Bc5 Ra8 17. Ba3 Rg8 18. Qd3 b5 19. Kf1 Bg6 20. Nxg5 f4 21. Qf3 b4
22. Qxd5 Bd3+ 23. Kg1 cxd5 24. Ne6+ Kc6 25. Bxb4 Be4 26. Rh2 Bh6 27. Nc5 f3 28.
Nxe4 dxe4 29. Bxe7 Bf4 30. g3 e3 31. Kf1 e2+ 32. Ke1 Kd5 33. Rh1 Bh6 34. h4 Ke4
35. Bg5 Bxg5 36. hxg5 Kd3 37. Rc1 Rxa2 38. Rh4 Rga8 39. d5 R8a4 40. Rxa4 Rxa4
41. c4 Kd4 42. e6 h6 43. e7 Ra8 44. d6 1-0

[Event "English Open 2025"]
[Site "Kenilworth ENG"]
[Date "2025.07.21"]
[Round "7.16"]
[White "Martin, Lewis"]
[Black "Fellowes, Billy"]
[Result "1/2-1/2"]
[WhiteTitle "FM"]
[BlackTitle "CM"]
[WhiteElo "2038"]
[BlackElo "2193"]
[WhiteFideId "410551"]
[BlackFideId "483540"]
[EventDate "2025.07.18"]

1. e4 Nc6 2. Nf3 d6 3. d4 Nf6 4. Nc3 g6 5. h3 Bg7 6. Be3 O-O 7. Qd2 e5 8. d5 Ne7
9. O-O-O Bd7 10. g4 c6 11. g5 Ne8 12. dxc6 bxc6 13. Bc4 Be6 14. Bb3 Qc7 15. Qe2
Qa5 16. Bxe6 fxe6 17. Nd2 d5 18. Nb3 Qc7 19. Bc5 Rf4 20. h4 Nd6 21. f3 Raf8 22.
Rh3 Nec8 23. Rdh1 Qf7 24. Nd2 h5 25. gxh6 Bxh6 26. Be3 d4 27. Bxf4 Qxf4 28. Nb1
c5 29. h5 g5 30. Rg1 Kh7 31. Rg4 Qf6 32. Na3 Rf7 33. Nac4 Rb7 34. Nb3 Rc7 35.
Nba5 Nxc4 36. Nxc4 Ne7 37. a3 Nc6 38. Kb1 Rd7 39. Qd3 Rb7 40. Rhg3 Rd7 41. Qb3
d3 42. cxd3 Qd8 43. Qb5 Rc7 44. Nd2 c4 45. Qxc4 Nd4 46. Qa4 Ne2 47. Qa6 Nxg3 48.
Rxg3 g4 49. Nb3 gxf3 50. Qxe6 Qf8 51. Qg6+ Kh8 52. Rxf3 Qxf3 53. Qxh6+ Kg8 54.
Qg6+ Rg7 55. Qe8+ Kh7 56. Qxe5 Qxd3+ 57. Ka2 Rg1 58. Na5 Qb1+ 59. Kb3 Re1 60.
Qf5+ Kh8 61. Nc4 Qd3+ 62. Kb4 Rxe4 63. Qf8+ Kh7 64. Qf7+ Kh8 65. Qf8+ Kh7 66.
Qf7+ Kh8 1/2-1/2

[Event "English Open 2025"]
[Site "Kenilworth ENG"]
[Date "2025.07.21"]
[Round "7.17"]
[White "Hanache, Kai"]
[Black "Yu, Rock"]
[Result "1-0"]
[WhiteElo "2108"]
[BlackElo "2099"]
[WhiteFideId "490105"]
[BlackFideId "489000"]
[EventDate "2025.07.18"]

1. e4 c5 2. Nf3 e6 3. d4 cxd4 4. Nxd4 a6 5. c4 Nf6 6. Bd3 Qc7 7. O-O Nc6 8. Nxc6
dxc6 9. Be3 e5 10. h3 Be6 11. Nc3 Nd7 12. Rc1 Bc5 13. Qe2 O-O 14. Rfd1 Qb8 15.
Nd5 cxd5 16. cxd5 Bxe3 17. Qxe3 Bxd5 18. exd5 Qd6 19. Bf5 Nf6 20. Qc5 Rfd8 21.
Qxd6 Rxd6 22. Bc8 b6 23. Bxa6 g6 24. Bc4 Rad8 25. Re1 Nxd5 26. Rxe5 Rc6 27. a4
Kg7 28. b3 Nf4 29. Re7 Rf6 30. Rb7 Rd2 31. Re1 Nd3 32. Ree7 Rfxf2 33. Rxf7+ Rxf7
34. Rxf7+ Kh6 35. Rf6 Ne1 36. Bf1 Kg5 37. Rxb6 Kf4 38. Re6 Nc2 39. Re2 1-0

[Event "English Open 2025"]
[Site "Kenilworth ENG"]
[Date "2025.07.21"]
[Round "7.18"]
[White "Sachdeva, Ronit"]
[Black "Liu, Tianyi (Jack)"]
[Result "1/2-1/2"]
[WhiteElo "2060"]
[BlackElo "2111"]
[WhiteFideId "343401589"]
[BlackFideId "8627894"]
[EventDate "2025.07.18"]

1. e4 c5 2. Nf3 e6 3. d4 cxd4 4. Nxd4 Nc6 5. Nc3 Qc7 6. Be3 a6 7. g4 b5 8. Nxc6
Qxc6 9. Qd2 b4 10. Ne2 Qxe4 11. Rg1 Qc4 12. Nf4 Qc7 13. O-O-O Nf6 14. Kb1 Bb7
15. Bd3 Nd5 16. Nxd5 Bxd5 17. f4 Bc5 18. f5 Bxe3 19. Qxe3 f6 20. fxe6 dxe6 21.
Bxh7 Rxh7 22. Rxd5 Kf7 23. Qd3 Kg8 24. Rh5 Rxh5 25. gxh5 Rd8 26. Qxa6 Rd6 27.
Qa8+ Qd8 28. Qf3 Rd4 29. h4 Qd5 30. Qxd5 Rxd5 31. h6 g5 32. c3 bxc3 33. bxc3 Kh7
34. hxg5 fxg5 35. Kc2 Kxh6 36. c4 Ra5 37. Kb3 Kh5 38. a4 g4 39. Kb4 Ra8 40. c5
Kh4 41. c6 g3 42. Kb5 Kh3 43. c7 e5 44. Kc6 Kh2 45. Rc1 g2 46. Kb7 Rg8 47. c8=Q
Rxc8 48. Kxc8 g1=Q 49. Rxg1 Kxg1 50. a5 e4 51. a6 e3 52. a7 e2 53. a8=Q e1=Q 1/2-1/2

[Event "English Open 2025"]
[Site "Kenilworth ENG"]
[Date "2025.07.21"]
[Round "7.19"]
[White "Verma, Shlok"]
[Black "Varley, Joe"]
[Result "0-1"]
[WhiteElo "2169"]
[BlackElo "2023"]
[WhiteFideId "441228"]
[BlackFideId "461962"]
[EventDate "2025.07.18"]

1. d4 Nf6 2. c4 g6 3. Nc3 d5 4. Bg5 Ne4 5. Bh4 Nxc3 6. bxc3 Bg7 7. e3 c5 8. Nf3
Nc6 9. Be2 O-O 10. O-O Be6 11. cxd5 Bxd5 12. Nd2 f5 13. Bc4 Kh8 14. Bxd5 Qxd5
15. Qf3 Qd7 16. Nb3 cxd4 17. cxd4 b6 18. Rac1 Rac8 19. Rfd1 Nb4 20. Qe2 e6 21.
Qd2 a5 22. a3 Nd5 23. Qd3 Qa4 24. Nd2 b5 25. Qb3 Nc3 26. Qxa4 bxa4 27. Rxc3 Rxc3
28. Be7 Rb8 29. Kf1 Bf8 30. Bf6+ Bg7 31. Be7 Rc2 32. Ke2 Bf8 33. Bf6+ Kg8 34.
Kd3 Ra2 35. e4 Rxa3+ 36. Ke2 Bg7 37. Be7 Ra2 38. d5 exd5 39. exd5 Re8 40. d6 Bf6
41. Kd3 Bxe7 0-1

[Event "English Open 2025"]
[Site "Kenilworth ENG"]
[Date "2025.07.21"]
[Round "7.20"]
[White "Mason, Donald J"]
[Black "Verma, Aditya"]
[Result "1/2-1/2"]
[WhiteElo "2011"]
[BlackElo "2092"]
[WhiteFideId "405116"]
[BlackFideId "426202"]
[EventDate "2025.07.18"]

1. e4 c5 2. Nf3 d6 3. d4 cxd4 4. Nxd4 Nf6 5. Nc3 g6 6. Be3 Bg7 7. f3 Nc6 8. Qd2
O-O 9. Bc4 Bd7 10. O-O-O Rc8 11. Bb3 Ne5 12. h4 Nc4 13. Bxc4 Rxc4 14. h5 Qa5 15.
hxg6 fxg6 16. Kb1 Rfc8 17. Nd5 Qxd2 18. Rxd2 Nxd5 19. exd5 h5 20. Re1 Bf6 21.
Ree2 a5 22. Rd3 b5 23. b3 Rc3 24. Rxc3 Rxc3 25. Ne6 Bxe6 26. dxe6 a4 27. Bc1
axb3 28. cxb3 Kg7 29. Rc2 Rd3 30. Rd2 Rc3 31. Rc2 Rd3 32. Rd2 1/2-1/2

[Event "English Open 2025"]
[Site "Kenilworth ENG"]
[Date "2025.07.21"]
[Round "7.21"]
[White "Marsden, Samuel"]
[Black "Salmons, Calum"]
[Result "1/2-1/2"]
[WhiteElo "2065"]
[BlackElo "2085"]
[WhiteFideId "343452841"]
[BlackFideId "437280"]
[EventDate "2025.07.18"]

1. e4 c5 2. Nc3 Nc6 3. Bb5 Nd4 4. Nf3 a6 5. Bd3 Nc6 6. O-O g6 7. e5 Bg7 8. Re1
f6 9. Ne4 fxe5 10. Nxc5 d6 11. Nb3 Nh6 12. Bf1 Nf5 13. c3 d5 14. d4 e4 15. Ng5
h6 16. Nh3 O-O 17. Nf4 g5 18. Nh5 Nh4 19. Be2 Qe8 20. Bg4 Qf7 21. Rf1 b6 22. Be3
Bh8 23. a4 a5 24. Ng3 Bxg4 25. Qxg4 e6 26. Rae1 Ne7 27. Nd2 Nef5 28. f3 Nxe3 29.
Rxe3 Nf5 30. Ree1 e3 31. Nb1 e5 32. Nxf5 Qxf5 33. Qxf5 Rxf5 34. Rxe3 exd4 35.
Rd3 1/2-1/2